Ájurvéda : tajemství přírodní medicíny /

Hlavní autor: Frawley, David, 1950-
Další autoři: Ranade, Subhash, Šubrt, Michal
Jazyk: Čeština
Vydáno: Olomouc : Fontána, [2022]
Vydání: Vydání první
Témata:
Fyzický popis: 342 stran : ilustrace ; 21 cm
Knihy
Uloženo v:
LEADER 02013cam a2200541 i 4500
001 nkc20223474856
003 CZ PrNK
005 20230130112654.0
007 ta
008 221114t20222022xr a e f 000 0 cze d
015 |a cnb003474856 
020 |a 978-80-7651-128-6  |q (brožováno) 
035 |a (OCoLC)1369540023 
040 |a KLG001  |b cze  |d BOA001  |d ABA001  |e rda 
041 1 |a cze  |h eng 
072 7 |a 615.8  |x Fyzioterapie. Psychoterapie. Alternativní lékařství  |2 Konspekt  |9 14 
080 |a 615.8(5)  |2 MRF 
080 |a 615.8  |2 MRF 
080 |a 615.83+615.89  |2 MRF 
080 |a (035)  |2 MRF 
100 1 |a Frawley, David,  |d 1950-  |7 xx0019451  |4 aut 
240 1 0 |a Ayurveda, nature's medicine.  |l Česky 
245 1 0 |a Ájurvéda :  |b tajemství přírodní medicíny /  |c David Frawley, Subháš Ránadé ; z anglického originálu Ayurveda, nature's medicine ... přeložil Michal Šubrt 
250 |a Vydání první 
264 1 |a Olomouc :  |b Fontána,  |c [2022] 
264 4 |c ©2022 
300 |a 342 stran :  |b ilustrace ;  |c 21 cm 
336 |a text  |b txt  |2 rdacontent 
337 |a bez média  |b n  |2 rdamedia 
338 |a svazek  |b nc  |2 rdacarrier 
500 |a Terminologický slovník 
650 0 7 |a ájurvéda  |7 ph128077  |2 czenas 
650 0 7 |a alternativní terapie  |7 ph137043  |2 czenas 
650 0 7 |a přírodní léčitelství  |7 ph135495  |2 czenas 
650 0 9 |a Ayurvedic medicine  |2 eczenas 
650 0 9 |a alternative therapy  |2 eczenas 
650 0 9 |a natural healing  |2 eczenas 
655 7 |a příručky  |7 fd133209  |2 czenas 
655 9 |a handbooks and manuals  |2 eczenas 
700 1 |a Ranade, Subhash  |7 xx0019452  |4 aut 
700 1 |a Šubrt, Michal  |7 xx0044901  |4 trl 
910 2 |a BOA001  |b 2-1498.754 
920 |a 1406494  |z KLG001 
990 |a BK 
995 |a 01 
991 |b 202301  |c NOV 
996 6 |b 2610927646  |c 2-1498.754  |l MZK  |r Sklad / do 1 hodiny  |n 0  |p p.v.  |w 001910032  |u 000010  |a 1  |e BOA001  |j MZK50  |s P 
996 7 |b 2610928767  |c 2-1498.754  |l Vol.výběr  |r VV 0p  |n 4  |p kup  |h 615.8(5) FRA  |w 001910032  |u 000020  |a 0  |e BOA001  |j MZK50  |s A